Marine sanctuaries program : issues in the 102d Congress /

Bibliographic Details
Main Author: Simmons, Malcolm M.
Corporate Author: Library of Congress. Congressional Research Service
Format: Microform Book
Language:English
Published: [Washington, D.C.] : Congressional Research Service, Library of Congress, [1992]
Series:Issue brief (Library of Congress. Congressional Research Service) ; IB92085.
Major studies and issue briefs of the Congressional Research Service. Supplement ; 1992, reel 15, fr. 00581.
Subjects:

MARC

Tag First Indicator Second Indicator Subfields
LEADER 00000cam a2200000Ia 4500
001 in00001674513
005 20151024124742.0
007 hd afa014baca
008 940712s1992 dcu ab f000 0 eng d
035 |a (OCoLC)ocm30752674 
040 |a UP3  |c UP3  |d OCL  |d UtOrBLW 
043 |a n-us--- 
049 |a TXAM 
090 |a JK1108  |b .M35 Suppl. 1992 reel 15 
099 |a Film  |a S  |a 1707  |a 1992, reel 15, fr. 00581  
100 1 |a Simmons, Malcolm M. 
245 1 0 |a Marine sanctuaries program :  |b issues in the 102d Congress /  |c by Malcolm Simmons. 
264 1 |a [Washington, D.C.] :  |b Congressional Research Service, Library of Congress,  |c [1992] 
300 |a 11 pages ;  |c 28 cm. 
336 |a text  |b txt  |2 rdacontent 
337 |a microform  |b h  |2 rdamedia 
338 |a microfilm reel  |b hd  |2 rdacarrier 
490 1 |a CRS issue brief ;  |v IB92085 
500 |a Cover title. 
500 |a "Updated September 28, 1992." 
504 |a Includes bibliographical references. 
533 |a Microfilm.  |b Arlington, Va. :  |c University Publications of America,  |d 1993.  |e on 1 microfilm reel ; 35 mm. Low reduction.  |f (Major studies and issue briefs of the Congressional Research Service. 1992 supplement ; reel 15, fr. 00581). 
500 |a Microform. 
650 0 |a Environmental protection  |z United States. 
650 0 |a Marine resources conservation  |x Law and legislation  |z United States. 
710 2 |a Library of Congress.  |b Congressional Research Service. 
830 0 |a Issue brief (Library of Congress. Congressional Research Service) ;  |v IB92085. 
830 0 |a Major studies and issue briefs of the Congressional Research Service.  |p Supplement ;  |v 1992, reel 15, fr. 00581. 
994 |a 92  |b TXA 
999 |a MARS 
999 f f |s 58d4d8dc-a629-33f5-9428-8aafb8ff0410  |i 8efd3253-83ff-309c-be1c-abb2fcf3796b  |t 0 
952 f f |a Texas A&M University  |b College Station  |c Sterling C. Evans Library  |d Evans: Microforms (3rd floor)  |t 0  |e Film S 1707 1992, reel 15, fr. 00581  |h Other scheme 
998 f f |a Film S 1707 1992, reel 15, fr. 00581  |t 0  |l Evans: Microforms (3rd floor)